Estatísticas para Química Orgânica 2 - Ligações sigma e pi

Clique aqui para jogar o quiz

Estatísticas Gerais

  • Esse quiz foi jogado 28 vezes
  • A pontuação média é 8 de 13

Estatísticas das Respostas

PerguntaResposta% Correto
Entre os hidrocarbonetos alcanos, alcenos e alcinos, qual é o mais reativo?Alcenos
82%
Entre as ligações (simples, dupla e tripla) qual é a que possui o menor comprimento?Ligação tripla (maior energia de ligação). Isso explica porque os alcenos são mais reativos que os alcinos.
82%
E o menos reativo?Alcano
79%
Qual é a ligação que tem mais energia?Ligação pi (pois está mais distante do núcleo, menor penetrância)
75%
Qual das ligações é mais fácil de quebrar? Ou seja, necessita de uma menor energia para isso.Ligação pi (Por conta de sua distância média)
71%
Em qual das ligações a atração dos núcleos pelos elétrons é mais forte?Ligação sigma (Pois ocorre na região internuclear)
71%
Qual das ligações a distância média dos elétrons aos núcleos é maior?Ligação pi (Essa ligação faz uma espécie de arco)
64%
Se é aumentado a ordem de ligação, o que ocorre com o comprimento de ligação?Diminui
57%
Se é aumentado a ordem de ligação o que corre com a energia de ligação?Aumenta
54%
Em qual ligação a sua nuvem ocupa preferencialmente a região internuclear?Ligação sigma (Por conta da sobreposição frontal)
50%
Complete: A Ligação SIGMA é aquela que ocorre pela ............ de orbitais ao longo de um eixoSobreposição (interpenetração)
32%
Complete: A Ligação PI é aquela que ocorre entre orbitais localizados em ...............Paralelo
21%
A Ordem de ligação é a quantidade de .......de ......... compartilhadosPares de elétrons
18%

Distribuição das Pontuações

Percentil de Números Respondidos

Porcentagem de Pessoas com Cada Pontuação

Sua Pontuação Histórica

Você não jogou esse quiz